Statistics for Biggest Two-Syllable Cities in the United States

Click here to take the quiz!

General Stats

  • This quiz has been taken 212 times
  • The average score is 15 of 20

Answer Stats

PopulationStateCity% Correct
8,550,405New YorkNew York
95%
2,296,224TexasHouston
94%
1,300,092TexasDallas
92%
682,545ColoradoDenver
90%
1,563,025ArizonaPhoenix
90%
931,830TexasAustin
89%
667,137MassachusettsBoston
88%
677,116MichiganDetroit
86%
654,610TennesseeNashville
84%
632,309OregonPortland
83%
451,066North CarolinaRaleigh
77%
655,770TennesseeMemphis
74%
827,097North CarolinaCharlotte
72%
403,505OklahomaTulsa
66%
833,319TexasFort Worth
65%
531,641ArizonaTucson
63%
419,267CaliforniaOakland
60%
520,052CaliforniaFresno
58%
471,825ArizonaMesa
52%
474,140CaliforniaLong Beach
41%

Score Distribution

Percentile by Number Answered

Percent of People with Each Score

Your Score History

You have not taken this quiz